| 000 | 00410nam a22001577a 4500 | ||
|---|---|---|---|
| 003 | SGT | ||
| 020 | _a9781543348644 | ||
| 082 |
_a616.01 _bL25R |
||
| 100 | _aRANJANI, V. ASHA | ||
| 245 | _aLAB MANUAL FOR PHARMACEUTICAL MICROBIOLOGY | ||
| 260 |
_aPUNJAB _bS. VIKASH & COMPANY _c2025 |
||
| 300 | _a104 | ||
| 650 | _aMICROBIOLOGY | ||
| 653 | _aLAB, MANUAL, PHARMACEUTICAL, MICROBIOLOGY | ||
| 942 |
_2ddc _cGF BOOKS |
||
| 999 |
_c33306 _d33306 |
||